[Event "2nd League CS-East 2009"]
[Site "Golubac"]
[Date "2009.10.08"]
[Round "6.1"]
[White "Djukic, Zeljko"]
[Black "Zlatanovic, Zoran"]
[Result "1-0"]
[WhiteElo "2378"]
[BlackElo "2152"]
[PlyCount "68"]
[EventDate "2009.09.06"]

1. d4 Nf6 2. c4 e6 3. Nc3 Bb4 4. Bg5 Bxc3+ 5. bxc3 c5 6. d5 e5 7. f3 d6 8. e4
Qa5 9. Qb3 Nbd7 10. Ne2 h6 11. Bh4 g5 12. Bf2 Ke7 13. h4 Rg8 14. hxg5 hxg5 15.
g4 Nb6 16. Ng3 Bd7 17. Be3 Rg7 18. Bd3 Rag8 19. Kd2 Kd8 20. Rh6 Rg6 21. Bxg5
Rxh6 22. Bxh6 Qa6 23. a3 Kc7 24. Rh1 Ba4 25. Qa2 Nbd7 26. Be3 Qa5 27. Nf5 b5
28. Ne7 bxc4 29. Nxg8 Bb3 30. Qb2 Nxg8 31. Rh7 cxd3 32. Qxb3 Ne7 33. Rxf7 Nc8
34. a4 a6 1-0

[Event "2nd League CS-East 2009"]
[Site "Golubac"]
[Date "2009.10.08"]
[Round "6.1"]
[White "Colic, Ninoslav"]
[Black "Mitrovic, Darko R"]
[Result "0-1"]
[WhiteElo "2273"]
[BlackElo "2343"]
[PlyCount "92"]
[EventDate "2009.09.06"]

1. Nf3 Nf6 2. d4 e6 3. b3 b6 4. Bb2 Bb7 5. Nbd2 c5 6. dxc5 bxc5 7. e3 Be7 8.
Bd3 O-O 9. O-O d6 10. Ng5 h6 11. Nge4 Nbd7 12. Ng3 Qc7 13. Re1 Nd5 14. Nh5 e5
15. Qg4 Bg5 16. h4 N7f6 17. Nxf6+ Bxf6 18. a3 Be7 19. c4 Nf6 20. Qe2 Nd7 21.
Qh5 Nf6 22. Qe2 Rae8 23. Nf1 e4 24. Bc2 Nh7 25. g3 f5 26. Red1 Bf6 27. Bxf6
Nxf6 28. Rd2 a5 29. Rad1 Re6 30. a4 g5 31. Nh2 Kf7 32. Kh1 Ke7 33. Rg1 g4 34.
Rgd1 Nd7 35. Kg1 Ne5 36. Qf1 Rg8 37. Rd5 Bxd5 38. Rxd5 Qb6 39. Qe1 Qb4 40. Qxb4
axb4 41. Kf1 Rf8 42. Ke2 Nf3 43. Nxf3 gxf3+ 44. Kf1 Re5 45. Rd2 d5 46. Rd1 Rd8
0-1

[Event "2nd League CS-East 2009"]
[Site "Golubac"]
[Date "2009.10.08"]
[Round "6.1"]
[White "Kostic, Nebojsa"]
[Black "Stojanovic, Sreten"]
[Result "1-0"]
[WhiteElo "2327"]
[BlackElo "2172"]
[PlyCount "123"]
[EventDate "2009.09.06"]

1. c4 Nf6 2. Nc3 g6 3. g3 Bg7 4. Bg2 O-O 5. d3 d6 6. Rb1 a5 7. a3 c6 8. Nf3 e5
9. O-O Re8 10. e4 Be6 11. b3 Na6 12. d4 Bg4 13. dxe5 dxe5 14. Qc2 Qc7 15. Be3
Qd6 16. Ra1 Qc7 17. c5 Qe7 18. Na4 Rad8 19. h3 Be6 20. Rab1 Nc7 21. Nc3 Nd7 22.
b4 Bc4 23. Rfd1 axb4 24. axb4 Ba6 25. Rd6 Ne6 26. Rbd1 Ndf8 27. h4 h6 28. Na4
Bb5 29. Nb6 Kh7 30. Kh2 Ba6 31. R1d2 Bf6 32. Qb2 Kg7 33. Qc1 g5 34. hxg5 hxg5
35. Bh3 Rxd6 36. Rxd6 Be2 37. Bxe6 Bxf3 38. Bf5 Ng6 39. g4 Rh8+ 40. Kg3 Rh1 41.
Bxg6 Rxc1 42. Bxc1 Be2 43. Bf5 Qf8 44. Rxf6 Qh8 45. Kg2 Kxf6 46. Nd7+ Ke7 47.
Bxg5+ Ke8 48. Bf6 Qh6 49. g5 Qh5 50. Nxe5 Qh4 51. Bd7+ Kf8 52. Bf5 Bh5 53. f3
Qf4 54. Bc8 Qd2+ 55. Kg3 Qxb4 56. Bf5 Qe1+ 57. Kf4 Kg8 58. Nd7 Qc1+ 59. Ke5
Bxf3 60. g6 fxg6 61. Bxg6 Qb2+ 62. Kd6 1-0

[Event "2nd League CS-East 2009"]
[Site "Golubac"]
[Date "2009.10.08"]
[Round "6.1"]
[White "Stankovic, Dejan"]
[Black "Tosic, Branislav"]
[Result "0-1"]
[WhiteElo "2253"]
[BlackElo "2192"]
[PlyCount "120"]
[EventDate "2009.09.06"]

1. e4 Nf6 2. Nc3 d6 3. d4 g6 4. f4 Bg7 5. Nf3 c5 6. dxc5 Qa5 7. Bd3 Qxc5 8. Qe2
Nc6 9. Be3 Qa5 10. O-O O-O 11. h3 Nb4 12. a3 Nxd3 13. cxd3 Bd7 14. Qf2 b5 15.
b4 Qc7 16. Rac1 Qb7 17. Qh4 Rac8 18. f5 h5 19. Qg3 Kh7 20. Nh4 Be8 21. Ne2 Rxc1
22. Rxc1 Rg8 23. fxg6+ fxg6 24. Nd4 Qd7 25. Nhf3 e5 26. Ne6 Qe7 27. Rc7 Bd7 28.
Qh4 Re8 29. Rxa7 Ng8 30. Qf2 Bf6 31. Nc7 Rf8 32. Nxb5 Rf7 33. Nc3 Qe8 34. Bg5
Bg7 35. Bh4 Bh6 36. Nd5 Kh8 37. Qg3 Rf8 38. Ng5 Bg7 39. Qe3 Nh6 40. Qb6 Nf7 41.
Qc7 Be6 42. Ne7 Nxg5 43. Bxg5 Qf7 44. Qc1 Qf2+ 45. Kh2 Qxa7 46. Nxg6+ Kh7 47.
Nxf8+ Bxf8 48. b5 Qc5 49. Qxc5 dxc5 50. Bf6 Bd6 51. a4 Bb3 52. a5 Ba4 53. b6
Bb5 54. b7 Ba6 55. Be7 Bc7 56. Bd8 Bb8 57. Bb6 Bxd3 58. Bxc5 Ba6 59. g4 hxg4
60. hxg4 Bxb7 0-1

[Event "2nd League CS-East 2009"]
[Site "Golubac"]
[Date "2009.10.08"]
[Round "6.2"]
[White "Markovic, Marko"]
[Black "Radosavljevic, Slobodan D"]
[Result "1/2-1/2"]
[WhiteElo "2312"]
[BlackElo "2248"]
[PlyCount "40"]
[EventDate "2009.09.06"]

1. e4 c5 2. Nf3 Nc6 3. d4 cxd4 4. Nxd4 g6 5. Nc3 Bg7 6. Be3 Nf6 7. Nxc6 bxc6 8.
e5 Nd5 9. Nxd5 cxd5 10. Qxd5 Rb8 11. Bxa7 Rxb2 12. Bd4 Rxc2 13. Bd3 e6 14. Qa8
Rc6 15. Bb5 Ra6 16. Bxa6 Qa5+ 17. Kf1 O-O 18. Qa7 Bxa6+ 19. Kg1 Qd5 20. Qxa6
Qxd4 1/2-1/2

[Event "2nd League CS-East 2009"]
[Site "Golubac"]
[Date "2009.10.08"]
[Round "6.2"]
[White "Cvetanovic, Uros"]
[Black "Jovic, Stanoje"]
[Result "0-1"]
[WhiteElo "2164"]
[BlackElo "2294"]
[PlyCount "62"]
[EventDate "2009.09.06"]

1. Nc3 d5 2. e4 dxe4 3. Nxe4 Nf6 4. Nxf6+ exf6 5. Bc4 Bd6 6. Qe2+ Kf8 7. d3 h5
8. Bd2 c6 9. O-O-O b5 10. Bb3 a5 11. a3 a4 12. Ba2 Na6 13. Nf3 b4 14. axb4 Nxb4
15. Bxb4 Bxb4 16. Qe4 Qd6 17. c3 Bxc3 18. Qc4 Be6 19. Qxc3 Bxa2 20. Nd2 Bd5 21.
f3 g6 22. Rhe1 Kg7 23. Ne4 Qf4+ 24. Qd2 Qf5 25. Qc3 Rhb8 26. Nd2 Bb3 27. Nxb3
Rxb3 28. Qc4 Rab8 29. Re7 Rxb2 30. Qxf7+ Kh6 31. Qc4 R2b4 0-1

[Event "2nd League CS-East 2009"]
[Site "Golubac"]
[Date "2009.10.08"]
[Round "6.2"]
[White "Kajganovic, Miodrag"]
[Black "Popovic, Djordje D"]
[Result "0-1"]
[WhiteElo "2283"]
[BlackElo "2308"]
[PlyCount "111"]
[EventDate "2009.09.06"]

1. Nf3 c5 2. g3 b6 3. Bg2 Bb7 4. O-O Nf6 5. c4 e6 6. d4 cxd4 7. Nxd4 Bxg2 8.
Kxg2 a6 9. b3 Qc7 10. Bb2 d6 11. Nd2 Qb7+ 12. Kg1 Nbd7 13. e3 Rc8 14. Qe2 Be7
15. Rac1 O-O 16. Rfd1 Rfd8 17. Qf3 Qc7 18. Nf1 Ne5 19. Qg2 Nfd7 20. f4 Ng4 21.
h3 Ngf6 22. g4 g6 23. f5 e5 24. g5 exd4 25. gxf6 Bxf6 26. exd4 Bg7 27. Ne3 Nf6
28. Ng4 Nxg4 29. hxg4 Re8 30. Re1 Re7 31. Re2 Rce8 32. Rce1 b5 33. cxb5 axb5
34. Kf1 Rxe2 35. Rxe2 Rxe2 36. Qxe2 Qc6 37. Ke1 Kf8 38. d5 Qxd5 39. f6 Qh1+ 40.
Kd2 Bh6+ 41. Kc2 Qc6+ 42. Kb1 Qh1+ 43. Kc2 Qc6+ 44. Kb1 Qe8 45. Qd3 Bf4 46. a4
bxa4 47. bxa4 Qxa4 48. Ba3 Qc6 49. Qe2 Qb7+ 50. Kc2 Qc8+ 51. Kb3 Qe6+ 52. Qc4
Qxf6 53. Qc8+ Kg7 54. Qc7 Be5 55. g5 Qxg5 56. Bxd6 0-1

[Event "2nd League CS-East 2009"]
[Site "Golubac"]
[Date "2009.10.08"]
[Round "6.2"]
[White "Illijin, Neboisa"]
[Black "Krstic, Ranko"]
[Result "0-1"]
[WhiteElo "2228"]
[BlackElo "2169"]
[PlyCount "96"]
[EventDate "2009.09.06"]

1. Nf3 g6 2. c4 Bg7 3. g3 e5 4. d4 exd4 5. Nxd4 Ne7 6. Bg2 Nbc6 7. Nb3 d6 8.
Nc3 O-O 9. O-O Be6 10. Nd5 Rb8 11. e3 Ne5 12. Nd4 Bd7 13. Qc2 c6 14. Nf4 a6 15.
Bd2 c5 16. Nde2 Bc6 17. Nd5 Bxd5 18. cxd5 b5 19. Rad1 Qd7 20. f4 Nc4 21. b3
Nxd2 22. Qxd2 b4 23. e4 f5 24. e5 Kh8 25. Qe3 Rfe8 26. Kh1 Ng8 27. e6 Qb5 28.
Rc1 Nf6 29. h3 a5 30. Bf3 Re7 31. g4 Rf8 32. g5 Ne8 33. h4 h5 34. Rfd1 Kg8 35.
Bg2 Nc7 36. Kh2 a4 37. Bf1 Qe8 38. Qd3 axb3 39. axb3 Qa8 40. Rc2 Qb7 41. Bg2
Ra8 42. Rc4 Qb6 43. Rc2 Ra3 44. Rdc1 Ne8 45. Kg3 Qa7 46. Bf3 Ra1 47. Rxa1 Qxa1
48. Qd2 Qa3 0-1

[Event "2nd League CS-East 2009"]
[Site "Golubac"]
[Date "2009.10.08"]
[Round "6.2"]
[White "Petrovic, Dragoslav"]
[Black "Susulic, Zivan"]
[Result "1/2-1/2"]
[WhiteElo "2044"]
[BlackElo "2106"]
[PlyCount "84"]
[EventDate "2009.09.06"]

1. d4 d5 2. c4 e6 3. Nc3 Nf6 4. cxd5 exd5 5. Bg5 Nbd7 6. e3 c6 7. Bd3 Be7 8.
Nf3 O-O 9. Rb1 Re8 10. b4 Ne4 11. Bxe7 Qxe7 12. Qc2 f5 13. O-O Qf6 14. b5 Re6
15. bxc6 bxc6 16. Rfe1 g6 17. Rb2 g5 18. g3 g4 19. Bxe4 fxe4 20. Nh4 Nb6 21.
Reb1 Ba6 22. Qd1 Qg5 23. Na4 Nd7 24. Nc5 Nxc5 25. Rb8+ Re8 26. Rxe8+ Rxe8 27.
dxc5 Rf8 28. Ng2 Qg7 29. Nf4 Bc8 30. Qa4 Qc7 31. Qb4 Bd7 32. a4 Re8 33. Qb7 Rc8
34. a5 Kf7 35. a6 Ke7 36. Qxc7 Rxc7 37. Rb7 Kd8 38. Rb8+ Rc8 39. Rb7 Rc7 40.
Rb8+ Rc8 41. Rb7 Rc7 42. Rb8+ Rc8 1/2-1/2

[Event "2nd League CS-East 2009"]
[Site "Golubac"]
[Date "2009.10.08"]
[Round "6.3"]
[White "Milovanovic, Srboljub"]
[Black "Nikolic, Stanimir"]
[Result "0-1"]
[WhiteElo "2226"]
[BlackElo "2292"]
[PlyCount "70"]
[EventDate "2009.09.06"]

1. d4 d5 2. c4 c6 3. Nc3 Nf6 4. e3 g6 5. h3 Bg7 6. Nf3 O-O 7. cxd5 cxd5 8. Bd3
b6 9. Qe2 e6 10. O-O Bb7 11. Rd1 Qe7 12. Bd2 a6 13. Na4 Nbd7 14. Rdc1 Rfb8 15.
Qe1 Bf8 16. a3 b5 17. Bb4 Qe8 18. Nc5 Bxc5 19. Bxc5 Ne4 20. b4 Rc8 21. Nd2 e5
22. f3 Nef6 23. Qf2 Qe6 24. Re1 e4 25. Be2 Nb6 26. Bxb6 Qxb6 27. Rac1 Kg7 28.
fxe4 dxe4 29. Nb3 Rxc1 30. Rxc1 Bd5 31. Nc5 Qd6 32. Ra1 a5 33. Bxb5 axb4 34. a4
Bc6 35. Bxc6 Qxc6 0-1

[Event "2nd League CS-East 2009"]
[Site "Golubac"]
[Date "2009.10.08"]
[Round "6.3"]
[White "Peric, Slavisa"]
[Black "Petrovic, Dragan R"]
[Result "1/2-1/2"]
[WhiteElo "2280"]
[BlackElo "2215"]
[PlyCount "33"]
[EventDate "2009.09.06"]

1. d4 Nf6 2. Nf3 g6 3. Bf4 Bg7 4. c3 b6 5. e3 Bb7 6. h3 O-O 7. Nbd2 d6 8. Be2
Nbd7 9. O-O c5 10. Bh2 Ne4 11. Nxe4 Bxe4 12. Nd2 Bb7 13. Bf3 Qc7 14. a4 a6 15.
Qe2 Rac8 16. Rfc1 Bxf3 17. Nxf3 1/2-1/2

[Event "2nd League CS-East 2009"]
[Site "Golubac"]
[Date "2009.10.08"]
[Round "6.3"]
[White "Zivkovic, Nemanja"]
[Black "Tosic, Nebojsa"]
[Result "0-1"]
[WhiteElo "2109"]
[BlackElo "2194"]
[PlyCount "98"]
[EventDate "2009.09.06"]

1. e4 c5 2. Nf3 e6 3. d4 cxd4 4. Nxd4 Nf6 5. Nc3 d6 6. Be3 a6 7. Be2 Be7 8. Qd2
O-O 9. g4 Nbd7 10. O-O-O b5 11. a3 Bb7 12. h4 Nc5 13. f3 Nfd7 14. g5 Rc8 15. h5
Re8 16. g6 Bf6 17. gxf7+ Kxf7 18. Kb1 Nb6 19. Rdg1 Ncd7 20. Ndxb5 axb5 21. Nxb5
d5 22. Nd6+ Kg8 23. Nxb7 Qc7 24. Na5 Na4 25. Bd4 e5 26. Be3 d4 27. Nc4 dxe3 28.
Nxe3 Kh8 29. Bb5 Nab6 30. c4 Red8 31. Rd1 Nc5 32. Qc3 Ne6 33. Rxd8+ Rxd8 34.
Nd5 Qb7 35. a4 Nd4 36. Nxb6 Qxb6 37. c5 Qb8 38. Rd1 Rc8 39. Qc4 Qc7 40. b4 Rb8
41. Kb2 Bd8 42. Kc3 Qe7 43. Qd5 Qg5 44. Bd3 Qxh5 45. a5 Qxf3 46. Qxe5 Nb5+ 47.
Kc2 Bc7 48. Qd5 Rd8 49. Qc4 Na3+ 0-1

[Event "2nd League CS-East 2009"]
[Site "Golubac"]
[Date "2009.10.08"]
[Round "6.3"]
[White "Arsenijevic, Ivan"]
[Black "Trickovic, Vladimir"]
[Result "1/2-1/2"]
[WhiteElo "2120"]
[BlackElo "2065"]
[Annotator "Milojevic,Boban"]
[PlyCount "51"]
[EventDate "2009.09.06"]

1. d4 Nf6 2. Nf3 c5 3. c4 e6 4. Nc3 a6 5. Bg5 cxd4 6. Nxd4 Be7 7. Qc2 Nc6 8.
Nxc6 bxc6 9. e4 Rb8 10. Bd3 Qb6 11. b3 Ng4 12. Bxe7 Kxe7 13. h3 Ne5 14. O-O g5
15. Be2 Ng6 16. Qd2 f6 17. Rad1 c5 18. Qe3 Qc7 19. Na4 d6 20. Rd2 Bb7 21. Rfd1
Rbd8 $11 22. Nc3 h5 23. a3 g4 24. b4 cxb4 25. axb4 Ne5 26. c5 1/2-1/2

[Event "2nd League CS-East 2009"]
[Site "Golubac"]
[Date "2009.10.08"]
[Round "6.3"]
[White "Lukic, Igor M"]
[Black "Mickovic, Slavisa"]
[Result "1-0"]
[WhiteElo "2150"]
[BlackElo "2101"]
[PlyCount "81"]
[EventDate "2009.09.06"]

1. d4 d5 2. Nf3 Nf6 3. e3 Bf5 4. c4 c6 5. Nc3 e6 6. Be2 h6 7. O-O Nbd7 8. b3
Be7 9. Bb2 O-O 10. Rc1 a6 11. Qd2 b5 12. cxd5 cxd5 13. Ne5 Nxe5 14. dxe5 Nd7
15. Rfd1 Nb6 16. Bd3 Bxd3 17. Qxd3 Qb8 18. Ne2 Qb7 19. f4 g6 20. Nd4 Kh7 21. f5
exf5 22. Nxf5 Qd7 23. Nxe7 Qxe7 24. Rc6 Qb7 25. Rd6 Rfe8 26. Rf1 Re6 27. Rxe6
fxe6 28. Rf6 Rg8 29. Rxe6 Nc8 30. Rf6 Rg7 31. e6 Nd6 32. Rf8 Qe7 33. Rf3 Qxe6
34. Qc3 Ne8 35. Rf8 Qg4 36. Rxe8 Qd1+ 37. Kf2 Rf7+ 38. Kg3 g5 39. Rh8+ Kg6 40.
h3 Rf3+ 41. Kh2 1-0

[Event "2nd League CS-East 2009"]
[Site "Golubac"]
[Date "2009.10.08"]
[Round "6.4"]
[White "Dimitrijevic, Srdjan"]
[Black "Devetak, Dusan"]
[Result "1-0"]
[WhiteElo "2290"]
[BlackElo "2216"]
[PlyCount "98"]
[EventDate "2009.09.06"]

1. d4 Nf6 2. c4 g6 3. Nc3 Bg7 4. e4 d6 5. Nf3 O-O 6. Be2 c6 7. O-O Qc7 8. h3 e5
9. Be3 Re8 10. d5 c5 11. Qd2 a6 12. Nh2 Nbd7 13. g4 Rf8 14. f3 Rb8 15. Rfc1 Kh8
16. Nf1 Rg8 17. Ng3 Ne8 18. h4 Nf8 19. Bd3 Qe7 20. Kg2 Nf6 21. a3 Qd7 22. Rh1
b5 23. cxb5 axb5 24. h5 gxh5 25. g5 Ne8 26. Rxh5 f6 27. g6 Nxg6 28. Rxh7+ Kxh7
29. Rh1+ Nh4+ 30. Rxh4+ Kg6 31. f4 b4 32. axb4 Rxb4 33. Be2 Kf7 34. Bh5+ Kf8
35. f5 Qb7 36. Nd1 Bd7 37. Bg6 Ba4 38. Kh3 Rh8 39. Rxh8+ Bxh8 40. Qe2 Bg7 41.
Qh5 Nc7 42. Nc3 Be8 43. Qh7 Bxg6 44. fxg6 Ne8 45. Nf5 Qa6 46. Nxg7 Qf1+ 47. Kg3
Nxg7 48. Qh8+ Ke7 49. Qxg7+ Kd8 1-0

[Event "2nd League CS-East 2009"]
[Site "Golubac"]
[Date "2009.10.08"]
[Round "6.4"]
[White "Trailovic, Mile"]
[Black "Stankovic, Ivan G"]
[Result "1-0"]
[WhiteElo "2154"]
[BlackElo "2121"]
[PlyCount "67"]
[EventDate "2009.09.06"]

1. e4 g6 2. Nc3 Bg7 3. g3 c5 4. Bg2 Nc6 5. Nge2 d6 6. h3 e5 7. O-O Nge7 8. f4
O-O 9. g4 f5 10. gxf5 gxf5 11. d3 Ng6 12. fxe5 dxe5 13. exf5 Rxf5 14. Rxf5 Bxf5
15. Ng3 Qd4+ 16. Kh2 Be6 17. Nce4 Nf4 18. Ne2 Nxe2 19. Qxe2 c4 20. Be3 Qxb2 21.
Rg1 cxd3 22. Qxd3 Kh8 23. Ng5 Bg8 24. Be4 h6 25. Qe2 Rf8 26. Qg4 Qa3 27. Ne6
Rf7 28. Bc5 Qc3 29. Bf8 Qd2+ 30. Kh1 Qd7 31. Bxg7+ Rxg7 32. Qxg7+ Qxg7 33. Nxg7
Bxa2 34. Nh5 1-0

[Event "2nd League CS-East 2009"]
[Site "Golubac"]
[Date "2009.10.08"]
[Round "6.4"]
[White "Savic, Goran Lj"]
[Black "Dodic, Dragan"]
[Result "1/2-1/2"]
[WhiteElo "2153"]
[BlackElo "2147"]
[PlyCount "52"]
[EventDate "2009.09.06"]

1. e4 c6 2. d4 d5 3. e5 Bf5 4. Nf3 e6 5. Be2 Ne7 6. O-O Nd7 7. c3 c5 8. Nbd2
Bg6 9. a3 Nc6 10. b4 c4 11. Ne1 h5 12. f4 Ne7 13. Ndf3 Nf5 14. g3 Be7 15. Ng5
Nb6 16. a4 Qd7 17. a5 Nc8 18. Ng2 a6 19. Qe1 Na7 20. Ne3 Nb5 21. Nxf5 Bxf5 22.
Be3 f6 23. Nf3 O-O-O 24. Qd2 Be4 25. h4 Rdg8 26. Kf2 f5 1/2-1/2

[Event "2nd League CS-East 2009"]
[Site "Golubac"]
[Date "2009.10.08"]
[Round "6.4"]
[White "Floricelovic, Milos"]
[Black "Lepojevic, Nebojsa"]
[Result "1/2-1/2"]
[WhiteElo "2104"]
[BlackElo "2065"]
[PlyCount "80"]
[EventDate "2009.09.06"]

1. e4 c5 2. Nf3 Nc6 3. d4 cxd4 4. Nxd4 g6 5. c4 Bg7 6. Be3 Nf6 7. Nc3 Ng4 8.
Qxg4 Nxd4 9. Qd1 Ne6 10. Be2 O-O 11. O-O d6 12. Qd2 Bd7 13. f4 Re8 14. f5 Nc5
15. Bd4 Bxd4+ 16. Qxd4 Na4 17. Nd5 Bc6 18. Bg4 Bxd5 19. exd5 Qb6 20. Qxb6 Nxb6
21. b3 Kg7 22. h4 Rad8 23. Rae1 Nd7 24. fxg6 fxg6 25. Bxd7 Rxd7 26. Re3 Rh8 27.
Rfe1 Kf8 28. g3 g5 29. Re4 gxh4 30. gxh4 h6 31. Kg2 Rc7 32. a4 Rh7 33. Kg3 a6
34. Kg4 b5 35. Kf5 bxc4 36. bxc4 Kf7 37. Kg4 Kg6 38. Kg3 Rb7 39. Rg4+ Kf7 40.
Rge4 a5 1/2-1/2

[Event "2nd League CS-East 2009"]
[Site "Golubac"]
[Date "2009.10.08"]
[Round "6.4"]
[White "Gulicovski, Klimentije"]
[Black "Jovanovic, Boban"]
[Result "1/2-1/2"]
[WhiteElo "2196"]
[BlackElo "2225"]
[PlyCount "83"]
[EventDate "2009.09.06"]

1. c4 c6 2. Nf3 d5 3. b3 Bf5 4. Bb2 e6 5. d3 Nf6 6. g3 Nbd7 7. Bg2 Bd6 8. O-O
O-O 9. Nbd2 Qc7 10. Qc2 Bg4 11. Rfe1 e5 12. Rac1 d4 13. a3 c5 14. e3 h6 15. b4
b6 16. b5 Rad8 17. e4 Nh7 18. h3 Be6 19. Nh4 g6 20. Ndf3 Kg7 21. Ra1 Ng5 22.
Kh2 Nxf3+ 23. Bxf3 Be7 24. Ng2 f5 25. Qe2 f4 26. Rg1 fxg3+ 27. fxg3 Rf7 28.
Raf1 Rdf8 29. Ne1 Bg5 30. Bg2 Be3 31. Rxf7+ Rxf7 32. Rf1 Rxf1 33. Qxf1 Qd8 34.
Nc2 Bg5 35. Qe2 h5 36. h4 Bh6 37. Bh3 Bxh3 38. Kxh3 Nf6 39. Qd1 Qd7+ 40. Kg2
Qg4 41. Qf3 Qxf3+ 42. Kxf3 1/2-1/2

[Event "2nd League CS-East 2009"]
[Site "Golubac"]
[Date "2009.10.08"]
[Round "6.5"]
[White "Stojanovic, Zlatko"]
[Black "Raicevic, Ivica"]
[Result "1-0"]
[WhiteElo "2231"]
[BlackElo "2315"]
[PlyCount "67"]
[EventDate "2009.09.06"]

1. e4 e6 2. d4 d5 3. Nc3 Be7 4. Bd3 Nc6 5. Nf3 Nb4 6. Be2 dxe4 7. Nxe4 Nf6 8.
Nxf6+ Bxf6 9. c3 Nd5 10. Bd3 Bd7 11. Qe2 Bc6 12. O-O O-O 13. Rd1 Qe7 14. h4
Rfe8 15. Re1 Qd6 16. Ne5 Bxe5 17. dxe5 Qf8 18. Qg4 Rad8 19. Bc2 Rd7 20. Bg5 Kh8
21. Qh5 f5 22. exf6 gxf6 23. Bh6 Qg8 24. f3 f5 25. Bg5 Qg6 26. Qxg6 hxg6 27.
Bb3 Kg7 28. Bxd5 Rxd5 29. Rad1 e5 30. c4 Rxd1 31. Rxd1 Kf7 32. Bd8 e4 33. Kf2
Rh8 34. fxe4 1-0

[Event "2nd League CS-East 2009"]
[Site "Golubac"]
[Date "2009.10.08"]
[Round "6.5"]
[White "Dmitrovic, Tomislav"]
[Black "Nikolic, Zoran S"]
[Result "1-0"]
[WhiteElo "2279"]
[BlackElo "2254"]
[PlyCount "75"]
[EventDate "2009.09.06"]

1. Nf3 Nf6 2. g3 b6 3. Bg2 Bb7 4. O-O c5 5. d3 g6 6. e4 d6 7. Nbd2 Bg7 8. Re1
Nbd7 9. c3 O-O 10. d4 cxd4 11. cxd4 Ne8 12. d5 Nc5 13. Nb3 Nxb3 14. axb3 e5 15.
dxe6 fxe6 16. Bg5 Qd7 17. Qd2 Nf6 18. Qd3 Ne8 19. Nd4 Qf7 20. Be3 d5 21. exd5
Bxd5 22. Bxd5 exd5 23. Re2 Nd6 24. Bf4 Ne4 25. Nc6 Rfe8 26. b4 Qd7 27. b5 a6
28. Rd1 Nc5 29. Qxd5+ Qxd5 30. Rxe8+ Rxe8 31. Rxd5 axb5 32. b4 Na6 33. Rxb5 Re6
34. Nd8 Re1+ 35. Kg2 Bd4 36. Rd5 Bc3 37. Nc6 Rb1 38. Bd6 1-0

[Event "2nd League CS-East 2009"]
[Site "Golubac"]
[Date "2009.10.08"]
[Round "6.5"]
[White "Batanjac, Aleksandar"]
[Black "Trifunovic, Miroljub"]
[Result "0-1"]
[WhiteElo "2147"]
[BlackElo "2295"]
[PlyCount "70"]
[EventDate "2009.09.06"]

1. e4 c5 2. Nf3 e6 3. Nc3 a6 4. d4 cxd4 5. Nxd4 b5 6. Be3 Bb7 7. Bd3 Qc7 8. O-O
Nf6 9. a3 d5 10. exd5 Nxd5 11. Nxd5 Bxd5 12. b3 Nd7 13. a4 b4 14. Qe2 Qb7 15.
f3 Be7 16. Rad1 O-O 17. Bf2 Nc5 18. Rfe1 Rfe8 19. Bc4 Bxc4 20. Qxc4 Rac8 21.
Qe2 g6 22. f4 Bf8 23. h4 Nd7 24. Rd3 Nf6 25. g4 h5 26. gxh5 Nxh5 27. Qg4 Nf6
28. Qg5 Bg7 29. Rh3 Qd7 30. Rd3 Qb7 31. Rh3 Nh5 32. Rd3 Kh7 33. f5 exf5 34.
Rxe8 Rxe8 35. Nxf5 Re5 0-1

[Event "2nd League CS-East 2009"]
[Site "Golubac"]
[Date "2009.10.08"]
[Round "6.5"]
[White "Zafirovski, Mite"]
[Black "Marinkovic, Vojkan"]
[Result "1/2-1/2"]
[WhiteElo "2257"]
[BlackElo "2041"]
[PlyCount "48"]
[EventDate "2009.09.06"]

1. d4 Nf6 2. c4 e6 3. g3 d5 4. Bg2 Be7 5. Nf3 Nbd7 6. Qc2 O-O 7. O-O c6 8. Nbd2
b6 9. e4 dxe4 10. Nxe4 Bb7 11. Rd1 Rc8 12. Bf4 Nxe4 13. Qxe4 Nf6 14. Qc2 Bd6
15. Bxd6 Qxd6 16. c5 Qc7 17. b4 b5 18. a4 a6 19. Ne5 Nd5 20. Bxd5 exd5 21. axb5
axb5 22. Ra7 f6 23. Nd3 Rfe8 24. Re1 Qd7 1/2-1/2

[Event "2nd League CS-East 2009"]
[Site "Golubac"]
[Date "2009.10.08"]
[Round "6.6"]
[White "Panic, Milan"]
[Black "Pantic, Milivoje"]
[Result "1/2-1/2"]
[WhiteElo "2225"]
[BlackElo "2170"]
[PlyCount "114"]
[EventDate "2009.09.06"]

1. Nf3 Nf6 2. c4 b6 3. g3 c5 4. Bg2 Bb7 5. O-O g6 6. Nc3 Bg7 7. Re1 O-O 8. e4
Nc6 9. e5 Ne8 10. d4 cxd4 11. Nxd4 Nc7 12. Nxc6 Bxc6 13. Bxc6 dxc6 14. Qa4 Qe8
15. c5 b5 16. Qh4 Ne6 17. Bg5 Nxg5 18. Qxg5 Rd8 19. Re4 a5 20. a3 Qd7 21. Rae1
Qa7 22. Qe3 Qc7 23. f4 Qc8 24. Ne2 a4 25. Nc3 Qe6 26. Rd4 Rxd4 27. Qxd4 f6 28.
Rd1 fxe5 29. Qd7 Qxd7 30. Rxd7 exf4 31. gxf4 Bxc3 32. bxc3 Rf5 33. Rxe7 Rxc5
34. Re3 Kf7 35. Kf2 Kf6 36. Ke2 Rf5 37. Re4 Rh5 38. Re8 Rxh2+ 39. Ke3 Rh5 40.
c4 Rc5 41. cxb5 cxb5 42. Rb8 Rc3+ 43. Ke4 Rxa3 44. Rb6+ Kg7 45. Rxb5 Ra1 46.
Rb7+ Kh6 47. Ra7 a3 48. Kf3 a2 49. Kg2 Kh5 50. Rxh7+ Kg4 51. Ra7 Kxf4 52. Ra4+
Ke3 53. Ra8 Kf4 54. Ra4+ Kg5 55. Ra5+ Kh6 56. Ra6 Kh5 57. Ra8 g5 1/2-1/2

[Event "2nd League CS-East 2009"]
[Site "Golubac"]
[Date "2009.10.08"]
[Round "6.6"]
[White "Bradic, Rade"]
[Black "Kolbert, Engelbert"]
[Result "1-0"]
[WhiteElo "1942"]
[BlackElo "2153"]
[PlyCount "65"]
[EventDate "2009.09.06"]

1. e4 c5 2. Nf3 d6 3. Bb5+ Nc6 4. e5 d5 5. O-O e6 6. d4 Bd7 7. Bxc6 bxc6 8. Bg5
Qb6 9. b3 h6 10. Be3 cxd4 11. Bxd4 c5 12. Be3 Ne7 13. Nbd2 Ng6 14. Re1 Qc7 15.
c3 Be7 16. a3 a5 17. Nf1 f6 18. exf6 Bxf6 19. b4 Bxc3 20. Qc2 Bxa1 21. Qxg6+
Kd8 22. Rxa1 axb4 23. Qxg7 Re8 24. axb4 Rxa1 25. Qxa1 cxb4 26. Bd4 Ke7 27. h3
Rc8 28. Qb1 Qc4 29. Qh7+ Kd6 30. Qxh6 Qc1 31. Be5+ Ke7 32. Qg7+ Kd8 33. Bd6 1-0